Introduction to industrial security concepts : (Record no. 24124)
[ view plain ]
| 000 -LEADER | |
|---|---|
| fixed length control field | 00696nam a22001697a 4500 |
| 005 - DATE AND TIME OF LATEST TRANSACTION | |
| control field | 20251106110650.0 |
| 008 - FIXED-LENGTH DATA ELEMENTS--GENERAL INFORMATION | |
| fixed length control field | 251103b |||||||| |||| 00| 0 eng d |
| 020 ## - INTERNATIONAL STANDARD BOOK NUMBER | |
| International Standard Book Number | 9786214184316 |
| 082 ## - DEWEY DECIMAL CLASSIFICATION NUMBER | |
| Classification number | DFil 363.289 Ay23 2026 |
| 100 ## - MAIN ENTRY--PERSONAL NAME | |
| Personal name | Ayeo-eo, Shirley P. |
| 9 (RLIN) | 69107 |
| 245 ## - TITLE STATEMENT | |
| Title | Introduction to industrial security concepts : |
| Remainder of title | TOS-based textbook for criminology and industrial security students and professionals / |
| Statement of responsibility, etc. | Shirley P. Ayeo-eo. |
| 260 ## - PUBLICATION, DISTRIBUTION, ETC. (IMPRINT) | |
| Place of publication, distribution, etc. | Quezon City : |
| Name of publisher, distributor, etc. | Wiseman's Books Trading, Inc., |
| Date of publication, distribution, etc. | ©2026. |
| 300 ## - PHYSICAL DESCRIPTION | |
| Extent | v, 170 pages : |
| Other physical details | illustrations ; |
| Dimensions | 22 cm. |
| 650 #0 - SUBJECT ADDED ENTRY--TOPICAL TERM | |
| Topical term or geographic name as entry element | Industries |
| General subdivision | Security measures. |
| 9 (RLIN) | 69256 |
| 650 #0 - SUBJECT ADDED ENTRY--TOPICAL TERM | |
| Topical term or geographic name as entry element | Private security services |
| General subdivision | Management. |
| 9 (RLIN) | 69257 |
| 942 ## - ADDED ENTRY ELEMENTS (KOHA) | |
| Source of classification or shelving scheme | Dewey Decimal Classification |
| Koha item type | Filipiniana |
| Withdrawn status | Lost status | Source of classification or shelving scheme | Damaged status | Not for loan | Collection code | Home library | Current library | Date acquired | Source of acquisition | Cost, normal purchase price | Total Checkouts | Full call number | Barcode | Date last seen | Copy number | Price effective from | Koha item type |
|---|---|---|---|---|---|---|---|---|---|---|---|---|---|---|---|---|---|
| Dewey Decimal Classification | Filipiniana | UM Digos College - LIC | UM Digos College - LIC | 08/11/2025 | Purchased | 398.00 | DFil 363.289 Ay23 2026 | 29168 | 11/03/2025 | 2 | 11/03/2025 | Filipiniana | |||||
| Dewey Decimal Classification | Filipiniana | UM Digos College - LIC | UM Digos College - LIC | 08/11/2025 | Purchased | 398.00 | DFil 363.289 Ay23 2026 | 29167 | 11/03/2025 | 1 | 11/03/2025 | Filipiniana |
